000 00312nam a2200121Ia 4500
008 190722s9999 xx 000 0 und d
020 _a978-0-558-54691-5
100 _aElaine N.Marieb
245 0 _aHuman Anatomy and Physiology
260 _aNew York
_bLearning Solutions
_c2010
300 _a1114
942 _cBK
999 _c1202
_d1202